000
00315 a2200133 4500
082
_a
004
090
_c
6700
_d
6700
100
_a
IBM
245
_a
AIX 5L version 5.2: Installation guide and referene
_c
IBM
260
_b
IBM Corporation
_c
2004c.
300
_a
x,368p. :
_c
24 cm.
700
_a
IBM
942
_c
PR
_k
004 IBM
999
_c
10528
_d
10528